| 000 | 00935nam a22002057a 4500 | ||
|---|---|---|---|
| 005 | 20230208111941.0 | ||
| 008 | 230125b ||||| |||| 00| 0 eng d | ||
| 020 | _a9789391945152 | ||
| 040 | _cAL | ||
| 041 | _aeng | ||
| 082 |
_223 _a158.3 _bSHAC |
||
| 100 |
_aSharma Y K _969790 |
||
| 245 | _aCounselling and group discussion | ||
| 260 |
_aJaipur _bMark Publishers _c2022 |
||
| 300 |
_a233p. _bHB _c23.5x16cm. |
||
| 365 |
_2General _a22 _b₹1091.00 _c₹ _d₹1495.00 _e27% _f16-09-2022 |
||
| 520 | _aJob opportunities and vacancies; how prepare job applications; preparing resume for best job selection; professional courses in modern time and interview techniques group counselling and group group discussion; letter writing skills; skills and time management; skills for success; importance of english in interviews; role of personality in english speaking. | ||
| 650 |
_2Psychology _aApplied Psychology _969791 |
||
| 942 |
_2ddc _cBK |
||
| 999 |
_c226432 _d226432 |
||